National development and communication education in six South Asian countries /

Bibliographic Details
Main Author: Vilanilam, John V.
Format: Book
Language:English
Published: Amherst, N.Y. : Council on International Studies, State University of New York at Buffalo, 1979.
Series:Special studies (State University of New York at Buffalo. Council on International Studies) ; no. 122.
Subjects:

MARC

Tag First Indicator Second Indicator Subfields
LEADER 00000cam a2200000 a 4500
001 in00000083220
005 20151008055627.0
008 800416s1979 nyu b 00010 eng d
035 |a (OCoLC)06212168 
035 |9 AAJ3957AM 
040 |a BUF  |c BUF  |d m.c.  |d TXA  |d UtOrBLW 
043 |a a------ 
049 |a TXAM  |c [1481586] 
090 |a P92.A7  |b V5 
100 1 |a Vilanilam, John V. 
245 1 0 |a National development and communication education in six South Asian countries /  |c by John V. Vilanilam. 
264 1 |a Amherst, N.Y. :  |b Council on International Studies, State University of New York at Buffalo,  |c 1979. 
300 |a 74 leaves ;  |c 28 cm. 
336 |a text  |b txt  |2 rdacontent 
337 |a unmediated  |b n  |2 rdamedia 
338 |a volume  |b nc  |2 rdacarrier 
490 1 |a Special studies / Council on International Studies, State University of New York at Buffalo ;  |v no. 122 
504 |a Includes bibliographical references. 
650 0 |a Mass media  |x Study and teaching  |z South Asia. 
651 0 |a Developing countries  |x Mass media  |x Study and teaching. 
830 0 |a Special studies (State University of New York at Buffalo. Council on International Studies) ;  |v no. 122. 
999 |a MARS 
999 f f |s faba1cd5-4715-3093-8578-15155e7e02a5  |i 61abf298-7d9f-3d7d-9c44-4ad5dc9529a2  |t 0 
952 f f |p ric  |a Texas A&M University  |b Rellis Campus  |c Joint Library Facility  |d Remote Storage  |t 0  |e P92.A7 V5  |h Library of Congress classification  |i unmediated -- volume  |m A14806171830 
998 f f |a P92.A7 V5  |t 0  |l Remote Storage